000 00470nmm a2200169Ia 4500
008 251105s9999||||xx |||||||||||||||||und||
020 _a9791222411446
041 _aeng
100 _aOwl, Grey
245 4 _aThe Men of the Last Frontier
264 _a[Quito, Ecuador] :
_bCervantes Digital,
_c2023
300 _a206 páginas
490 _aNarrativa
650 _aNorth American narrative
856 _uhttps://public.digitaliapublishing.com/a/127878
942 _cCF
999 _c98187
_d98187